000 00914nas a2200301 4500
001 BR2018002689
003 BR-BrBNA
005 20231205131518.0
007 ta
008 230509b bl.|||p| |||| 00| 00por d
040 _aBR-BrBNA
_bpor
_cBiblioteca Nacional de Agricultura
041 _a(En)
072 _aF04
100 1 _aCavalcante, T.J.
100 1 _aCastoldi, G.
100 1 _aRodrigues, C.R.
100 1 _aNogueira, M.M.
100 1 _aAlbert, A.M.
245 1 _aMacro and micronutrients uptake in biomass sorghum
650 _aSORGO
650 _aBIOMASSA
650 _aADUBAÇÃO
650 _aNUTRIENTE MINERAL
773 0 _tPesquisa Agropecuária Tropical (Brazil)
_xISSN 1983-4063
_g(Oct-Dec 2018), v. 48(4) p. 364-373
_wBR2018002689
856 4 0 _uhttp://www.scielo.br/pdf/pat/v48n4/1983-4063-pat-48-04-0364.pdf
909 _a202311
_bLúcia
_c55
_dLúcia Elande
942 _2AGRIS
_n0
_cANA
999 _c255211
_d255211